Plantilla Atlético de Madrid Femenino 2024/25 - Estadísticas

Estadísticas generales
  • Esta prueba ha sido intentada 68 veces
  • La puntuación promedio es 12 de 21
Estadísticas de respuestas
Dorsal Posición Jugadora % Correcto
1 POR Lola Gallardo
100%
20 DEF Andrea Medina
80%
11 DEF Carmen Menayo
69%
18 DEL Gio Garbelini
69%
14 DEF Rosa Otermín
66%
15 DEF Silvia Lloris
66%
16 DEL Rasheedat Ajibade
63%
22 DEL Luany Rosa
60%
5 DEF Xènia Pérez
60%
3 DEF Ainhoa Moraza
57%
21 MED Fiamma Benítez
57%
8 MED Gaby García
57%
9 DEL Sheila Guijarro
57%
6 MED Vilde Bøe Risa
57%
13 POR Patricia Larqué
54%
7 DEL Synne Jensen
51%
4 DEF Lauren Leal
49%
19 DEL Marta Cardona
49%
17 MED Tatiana Pinto
46%
10 MED Ana Vitória
26%
23 DEF Merle Barth
26%
No se encontraron pruebas coincidentes
Distribución de puntuación
Porcentaje de gente con cada puntuación
Porcentaje por número respondido
Historial de tus puntuaciones
No has intentado esta prueba.